000 00747nam a2200229 4500
003 OSt
005 20240610025457.0
006 a
008 240610b |||||||| |||| 00| 0 eng d
020 _a978971041233
040 _aDWCL-Main lib.
_cOC
082 _aFil. 959.9 D492j 2012
100 _aDe Viana, Augusto V.
245 _aJose Rizal in our times : a guide for the better understanding of the Philippines foremost national hero /
260 _aMandaluyong City, Phils. :
_bBooks Atbp.,
_cc2012.
300 _axiv,
_b372 p. ;
_c25 cm.
504 _aIncludes bibliographical references.
650 _a1. Rizal, Jose, 1861-1896.
650 _a2. Biography–Jose Rizal.
700 _aAugusto V. De Viana
942 _2ddc
_n0
_cBK - FIL
_kFil.
999 _c438
_d438